000 00313nam a22001337a 4500
008 170216b xxu||||| |||| 00| 0 eng d
020 _a97807637634425 ed
041 _aeng
080 _25ED
_a618.2
100 _a1
101 _aINF
245 _aINOVATIVE TEACHING STRATEGIES NURSING
_cBRADSHAW
942 _2udc
_cBK
999 _c5696
_d5696